| 000 | 00836nam a22002175i 4500 | ||
|---|---|---|---|
| 001 | 155105 | ||
| 003 | ES-MaACL | ||
| 005 | 20251215182723.0 | ||
| 008 | 040716s1876 gw a |||| | ger d | ||
| 040 |
_aCAM _bspa _cCAM |
||
| 100 | 1 |
_aHarless, E. _9127788 |
|
| 245 | 1 | 0 |
_aLehrbuch der plastischen anatomie für Akademische anstalten und zum selbstunterricht / _cvon E. Harless; herausgegeben und mit einem anhang versehen von R. Hartmann. |
| 250 | _a2. Aufl. | ||
| 260 |
_aStuttgart : _bEbner & Seubert, _c1876 ( _fGebrüder Kröner) |
||
| 300 |
_aXVI, 544 p., [14] h. dobles de lám. ; _c25 cm. |
||
| 650 | 7 |
_aDibujo _2embne _911860 |
|
| 650 | 7 |
_aAnatomía _2embne _99800 |
|
| 700 | 1 | 1 |
_aHartmann, Robert, _d1832-1893 _eed. lit. _9147533 |
| 852 |
_aES-MaACL _jG-15718 _z-- Enc. pasta española |
||
| 999 |
_c155105 _d155105 |
||